Vida artística de Mariano Benlliure / (Record no. 123340)

MARC details
000 -LEADER
campo de control de longitud fija 00659nam a2200193 i 4500
001 - NÚMERO DE CONTROL
campo de control 123340
003 - IDENTIFICADOR DE NÚMERO DE CONTROL
campo de control ES-MaACL
005 - FECHA Y HORA DE LA ÚLTIMA TRANSACCIÓN
campo de control 20230906192144.0
007 - CAMPO FIJO DE DESCRIPCIÓN FÍSICA--INFORMACIÓN GENERAL
campo de control de longitud fija t|
008 - DATOS DE LONGITUD FIJA--INFORMACIÓN GENERAL
campo de control de longitud fija 070214s1947 sp r ||||1| spa d
100 1# - ENTRADA PRINCIPAL--NOMBRE DE PERSONA
Nombre de persona Quevedo Pessanha, Carmen de.
9 (RLIN) 94600
245 10 - MENCIÓN DEL TÍTULO
Título Vida artística de Mariano Benlliure /
Mención de responsabilidad, etc. recopilada por Carmen de Quevedo Pessanha ; prólogo de José Francés.
260 ## - PUBLICACIÓN, DISTRIBUCIÓN, ETC.
Lugar de publicación, distribución, etc. Madrid :
Nombre del editor, distribuidor, etc. Espasa Calpe,
Fecha de publicación, distribución, etc. 1947.
300 ## - DESCRIPCIÓN FÍSICA
Extensión 878 p., 5 lám. :
Otras características físicas il. ;
Dimensiones 28 cm.
600 14 - PUNTO DE ACCESO ADICIONAL DE MATERIA--NOMBRE DE PERSONA
Nombre de persona Benlliure, Mariano,
Fechas asociadas al nombre 1862-1947
9 (RLIN) 27715
700 1# - ENTRADA AGREGADA--NOMBRE PERSONAL
Nombre de persona Francés, José,
Fechas asociadas al nombre 1883-1964
9 (RLIN) 52141
852 ## - LOCALIZACIÓN
Ubicación ES-MaACL
Número de control de estantería C-5956
Sublocalización o colección R.34742
Holdings
Estatus retirado Estado de pérdida Estado de daño No para préstamo Biblioteca de origen Biblioteca actual Ubicación en estantería Fecha de adquisición Fuente de adquisición Total de préstamos Signatura topográfica completa Código de barras Visto por última vez Precio de reemplazo Tipo de ítem Koha
        Biblioteca del Ateneo de Madrid Biblioteca del Ateneo de Madrid Sala Palomar 17/01/2008     C-5956 1128513 23/02/2023 23/02/2023 Libro impreso